Normal view MARC view
  • By Michael J. Moran / Howard N. Shapiro

Entry Personal Name

Number of records used in: 2

001 - CONTROL NUMBER

  • control field: 53659

003 - CONTROL NUMBER IDENTIFIER

  • control field: NUST

005 - DATE AND TIME OF LATEST TRANSACTION

  • control field: 20210421115756.0

008 - FIXED-LENGTH DATA ELEMENTS

  • fixed length control field: 210421|| aca||aabn | a|a d

040 ## - CATALOGING SOURCE

  • Original cataloging agency: NUST
  • Transcribing agency: NUST

100 ## - HEADING--PERSONAL NAME

  • Personal name: By Michael J. Moran / Howard N. Shapiro

670 ## - SOURCE DATA FOUND

  • Source citation: Work cat.: (NUST): By Michael J. Moran / Howard N. Shapiro, Fundamentals of Engineering Thermodynamics
© 2023 Central Library, National University of Sciences and Technology. All Rights Reserved.